000 00867cam a22002773a 4500
001 5256
003 PGUSA
005 20140828083117.0
008 040301s2004||||xxu|||||s|||||000 1 eng d
040 _aPGUSA
_beng
042 _adc
050 4 _aPR
100 1 _aFielding, Henry,
_d1707-1754
245 1 4 _aThe History of the Life of the Late Mr. Jonathan Wild the Great
_h[electronic resource] /
_cHenry Fielding
260 _bProject Gutenberg,
_c2004
506 _aPublic domain in the USA.
516 _aElectronic text
653 _aWild, Jonathan, 1682?-1725 -- Fiction
653 _aBiographical fiction
653 _aLondon (England) -- Fiction
653 _aOrganized crime -- England -- London -- Fiction
653 _aCriminals -- Fiction
830 0 _aProject Gutenberg
_v5256
856 4 0 _uhttp://www.gutenberg.org/ebooks/5256
942 _cEB
999 _c234585
_d234585